000 01300nam a2200301 i 4500
003 EG-GICUC
005 20260121101441.0
008 251207s1951 ua ||||fr|||| 00| 0 ara d
040 _a EG-GICUC
_bara
_c EG-GICUC
_d EG-GICUC
_erda
041 0 _aara
082 0 4 _221
_a343.3
_bع د . ش
092 0 4 _221
099 _aLaw1 10 343.3 ع د . ش 1 ed - 1951
100 0 _aعدلى عبد الباقى
_eمؤلف.
245 1 0 _aشرح قانون الإجراءات الجنائية.
_nالجزء الأول،
_pيتناول الكلام في الدعوى الجنائية ، الدعوى المدنية ، النيابة العامة الضبط القضائي ، قاضي التحقيق ، غرفة الاتهام /
_cعدلى عبد الباقى.
250 _aالطبعة الأولى
264 _aالقاهرة :
_bالمطبعة العالمية،
_c1951.
300 _a532 صفحة ؛
_c24 سم.
336 _2rda content
_atext
337 _2rda media
_aComputer
338 _2rda carrier
_aOnline Resource
546 _aالنص باللغة العربية
650 1 4 _aقانون الإجراءات الجنائية
650 1 4 _aالقانون الجنائي
856 4 0 _uhttps://fll.law.cu.edu.eg/fulltext/bks/B10-05794.pdf
905 _a77
_eHassnaa
942 _2ddc
_cBK
_e21
_n0
999 _c49087
_d49087